Catastrophize - Noah Kahan (All Lyrics) - Statistics

General Stats
  • This quiz has been taken 38 times
    36 since last reset
  • The average score is 244 of 315
Answer Stats
Lyrics % Correct
a
100%
I
100%
I,
100%
Oh
100%
you
100%
Catastrophize
94%
my
94%
to
94%
To
94%
And
88%
and
88%
do
88%
god
88%
me
88%
the
88%
we
88%
be
81%
change
81%
don't
81%
Don't
81%
eyes
81%
for
81%
know
81%
last
81%
may
81%
mind
81%
of
81%
on
81%
our
81%
So
81%
take
81%
that
81%
thing
81%
time
81%
wait
81%
when
81%
you're
81%
ask
75%
breathe
75%
from
75%
knees
75%
Let
75%
let
75%
off
75%
see
75%
sit
75%
thoughts
75%
world
75%
all
69%
All
69%
bad
69%
can
69%
dad's
69%
deep
69%
every
69%
I'll
69%
look
69%
luck
69%
never
69%
old
69%
only
69%
side
69%
taken
69%
they
69%
they'll
69%
way
69%
weak
69%
why
69%
Are
63%
but
63%
But
63%
comes
63%
crossed,
63%
face
63%
fingers
63%
guide
63%
I'm
63%
it
63%
Keep
63%
keep
63%
kindness
63%
not
63%
photograph
63%
sees
63%
soul
63%
such
63%
tell
63%
think
63%
through
63%
ways
63%
While
63%
blame
56%
fail
56%
fragile
56%
friends
56%
funny
56%
hang
56%
if
56%
in
56%
jokes
56%
past
56%
pity
56%
remember
56%
sad
56%
speak
56%
things?
56%
timing
56%
at
50%
laugh
50%
meet
50%
open
50%
taste
50%
up
50%
anger
44%
behind
44%
hold
44%
how
44%
lose
44%
loss
44%
strong
44%
dies
38%
Lord,
38%
nothing
38%
blinds
31%
hope
31%
Let's
31%
love
31%
tour
25%
No matching quizzes found
Score Distribution
Percent of People with Each Score
Percentile by Number Answered
Your Score History
You have not taken this quiz since the last reset